000 01083nam a2200337 a 4500
001 0000428
003 DO-SdBPM
005 20250812140706.0
007 ta
008 091125s1989 sp a 000 0 spa d
020 _a8432984248
040 _aDO-SdBPM
_bspa
_cBPMSU
_erda
082 4 _a745.54
_bL232r 1989
_222
100 1 _a Lammer Jutta
_eautor
245 1 0 _aRecortables de papel /
_clas ideas para la creación de este libro han sido aportadas por Jutta Lammer.
_b
260 _a
_b
_c
264 _aBarcelona :
_bEdiciones Ceac,
_c1989.
300 _a64 páginas :
_bilustraciones ;
_c24 cm.
_e
336 _atexto
_btxt
_2rdacontent
337 _asin mediación
_bn
_2rdamedia
338 _avolumen
_bnc
_2rdacarrier
490 0 _a Nuevas ideas
534 _pTítulo original.
_tEinfache scherenschnitte.
590 _aInventariado, 2025/VM
650 7 _a Trabajos en papel
_x
650 7 _aTrabajos manuales (Educación)
654 _v
700 1 _a Borlasca, Adrián
_eilustraciones
910 _a VMateo V. Control de calidad. BPMSU
942 _2ddc
_cBK
999 _c15325
_d15325